[Event "Madrid-chT 2122"]
[Site "Madrid"]
[Date "2022.03.20"]
[Round "14.4"]
[White "Sahuquillo Cruz, Alejandro"]
[Black "Hernandez Ramos, David"]
[Result "0-1"]
[WhiteElo "2014"]
[BlackElo "2105"]
[PlyCount "104"]
[EventDate "2021.11.27"]
[EventType "team-tourn"]
[EventRounds "14"]
[EventCountry "ESP"]
[SourceTitle "Ajedrez en Madrid"]
[Source "lmi"]
[SourceDate "2021.11.28"]
[SourceVersion "1"]
[SourceVersionDate "2022.03.28"]
[SourceQuality "1"]
[WhiteTeam "Tajamar"]
[BlackTeam "San Sebastian de los Reyes"]
[WhiteTeamCountry "ESP"]
[BlackTeamCountry "ESP"]

{[%evp 0,104,32,18,41,36,36,21,50,62,49,58,50,9,14,1,21,19,18,10,12,19,-1,0,11,
1,-5,6,-3,-5,27,13,13,0,54,13,5,-15,11,-4,-7,-3,-7,-3,33,-14,-2,30,-8,-100,27,
-23,-20,-89,-74,-77,-95,-125,-59,-126,-119,-121,42,-177,-186,-273,-270,-304,
-280,-296,-292,-336,-337,-379,-310,-530,-497,-480,-414,-506,-506,-514,-496,
-484,-520,-520,-381,-520,-381,-397,-312,-313,-274,-986,-1021,-1070,-1124,-1235,
-324,-2340,-29976,-29977,-29978,-29979,-29980,-29997,-29998]} 1. e4 e6 2. d4 d5
3. Nd2 dxe4 4. Nxe4 Nd7 5. Bd3 Ngf6 6. Bg5 Be7 7. Bxf6 Nxf6 8. Nf3 O-O 9. Nxf6+
Bxf6 10. Be4 c5 11. dxc5 Qa5+ 12. c3 Qxc5 13. Qc2 g6 14. h4 h5 15. O-O-O Bg7
16. Ng5 Bh6 17. f4 Qe3+ 18. Kb1 f5 19. Bf3 Qxf4 20. Rd4 Qc7 21. Rhd1 Rb8 22.
Qe2 Bxg5 23. hxg5 b5 24. Rh1 f4 25. Rhd1 Rb6 26. Qc2 e5 27. Rd5 Kg7 28. Be4 Rf7
29. Qd3 Be6 30. Rd8 b4 31. c4 Bxc4 32. Qd2 Bxa2+ 33. Kxa2 Qc4+ 34. b3 Qxe4 35.
Rd7 Rb7 36. Rxb7 Rxb7 37. Qd8 Qc2+ 38. Ka1 Rf7 39. Qd6 Qc3+ 40. Ka2 Qc2+ 41.
Ka1 Qc3+ 42. Ka2 Qc7 43. Qd5 Qe7 44. Re1 Qxg5 45. Rxe5 Qg4 46. Rg5 Qe2+ 47. Kb1
Qe1+ 48. Ka2 Qc3 49. Re5 Qc2+ 50. Ka1 Qc1+ 51. Ka2 Rc7 52. Re2 Qa3+ 0-1

[Event "Madrid-chT 2122"]
[Site "Madrid"]
[Date "2022.03.20"]
[Round "14.5"]
[White "Santamaria Farran, Pablo"]
[Black "Bravo De la Vega, Alvaro"]
[Result "0-1"]
[WhiteElo "1701"]
[BlackElo "2093"]
[PlyCount "72"]
[EventDate "2021.11.27"]
[EventType "team-tourn"]
[EventRounds "14"]
[EventCountry "ESP"]
[SourceTitle "Ajedrez en Madrid"]
[Source "lmi"]
[SourceDate "2021.11.28"]
[SourceVersion "1"]
[SourceVersionDate "2022.03.28"]
[SourceQuality "1"]
[WhiteTeam "San Sebastian de los Reyes"]
[BlackTeam "Tajamar"]
[WhiteTeamCountry "ESP"]
[BlackTeamCountry "ESP"]

{[%evp 0,72,32,4,-30,-47,-39,-44,-8,-14,-6,-29,-13,-9,1,0,0,0,13,-12,-8,-43,26,
41,60,54,63,77,61,54,54,58,62,67,87,95,103,98,64,81,52,33,33,5,90,19,78,-32,
-46,0,-72,-95,-81,-171,-157,-282,-347,-340,-328,-459,-444,-516,-515,-588,-594,
-601,-608,-865,-865,-1318,-1369,-1570,-1570,-29987,-1322]} 1. c4 e5 2. d3 Nc6
3. a3 f5 4. Nc3 Nf6 5. g3 Be7 6. Bg2 O-O 7. e3 d6 8. Nge2 Kh8 9. f4 Be6 10. Nd5
Qd7 11. O-O Nd8 12. b4 c6 13. Nxe7 Qxe7 14. Bb2 Nf7 15. Rc1 a5 16. b5 Qc7 17.
a4 Qb6 18. d4 cxb5 19. fxe5 Ng4 20. c5 dxc5 21. dxc5 Qc7 22. Nd4 Qxe5 23. Nxe6
Qxe3+ 24. Kh1 Qxe6 25. Qd4 Qh6 26. h3 Ne3 27. Rf4 Nxg2 28. Kxg2 Rad8 29. Qc3 b4
30. Qc2 Ng5 31. h4 Qc6+ 32. Kh2 Nf3+ 33. Kh3 Rd2 34. Rxf5 Qc8 35. Bxg7+ Kxg7
36. Qe4 Qxf5+ 0-1

[Event "Madrid-chT 2122"]
[Site "Madrid"]
[Date "2022.03.19"]
[Round "14.1"]
[White "Rubio Mejia, Luis Ignacio"]
[Black "Khamrakulov, Ibragim S"]
[Result "1/2-1/2"]
[WhiteElo "2409"]
[BlackElo "2423"]
[PlyCount "45"]
[EventDate "2021.11.27"]
[EventType "team-tourn"]
[EventRounds "14"]
[EventCountry "ESP"]
[SourceTitle "Ajedrez en Madrid"]
[Source "lmi"]
[SourceDate "2021.11.28"]
[SourceVersion "1"]
[SourceVersionDate "2022.03.28"]
[SourceQuality "1"]
[WhiteTeam "Virgen de Atocha"]
[BlackTeam "Villalba 64"]
[WhiteTeamCountry "ESP"]
[BlackTeamCountry "ESP"]

1. c4 c5 2. Nc3 Nc6 3. Nf3 e5 4. g3 g6 5. Bg2 Bg7 6. a3 a5 7. O-O Nge7 8. d3
O-O 9. Bg5 f6 10. Be3 d6 11. Ne1 h6 12. Rb1 f5 13. f4 Rb8 14. Qd2 Kh7 15. Nc2
Nd4 16. b4 axb4 17. axb4 cxb4 18. Nxb4 exf4 19. Rxf4 Ne6 20. Rff1 Bd7 21. Nbd5
Nxd5 22. Bxd5 Re8 23. Nb5 1/2-1/2

[Event "Madrid-chT 2122"]
[Site "Madrid"]
[Date "2022.03.19"]
[Round "14.4"]
[White "Vega Gomez, Francisco Borja"]
[Black "Rodrigo Yanguas, Maria"]
[Result "1-0"]
[WhiteElo "2270"]
[BlackElo "1975"]
[PlyCount "95"]
[EventDate "2021.11.27"]
[EventType "team-tourn"]
[EventRounds "14"]
[EventCountry "ESP"]
[SourceTitle "Ajedrez en Madrid"]
[Source "lmi"]
[SourceDate "2021.11.28"]
[SourceVersion "1"]
[SourceVersionDate "2022.03.28"]
[SourceQuality "1"]
[WhiteTeam "Villalba 64"]
[BlackTeam "Virgen de Atocha"]
[WhiteTeamCountry "ESP"]
[BlackTeamCountry "ESP"]

1. Nf3 Nf6 2. g3 g6 3. Bg2 Bg7 4. O-O O-O 5. d4 d6 6. Nc3 Nc6 7. e4 Bg4 8. h3
Bxf3 9. Bxf3 e5 10. dxe5 Nxe5 11. Bg2 Nfd7 12. a4 g5 13. Rb1 Nc5 14. b4 Ne6 15.
Nd5 Qd7 16. c3 a5 17. b5 Nc5 18. Bxg5 f6 19. Be3 Ne6 20. f4 Nc4 21. Bf2 c6 22.
bxc6 bxc6 23. Nb6 Nxb6 24. Rxb6 Nd8 25. Qb3+ Kh8 26. Rd1 Qc7 27. h4 Re8 28. c4
Bf8 29. Qc3 Bg7 30. Qd2 Nb7 31. Rdb1 Nd8 32. c5 dxc5 33. Bxc5 Qf7 34. Qe2 Qd7
35. Kh2 Qe6 36. R6b3 Bh6 37. Qh5 Bg7 38. R1b2 Nf7 39. Bh3 Qc4 40. Bf5 Nh6 41.
Bf2 Qxa4 42. Rb7 Qa3 43. Bd4 Qd6 44. Rd7 Qf8 45. Rbb7 Nxf5 46. Qxf5 Qa3 47.
Rxg7 Qa2+ 48. Kh3 1-0